Problems and solutions in mechanical engineering (Record no. 60157)
[ view plain ]
| 000 -LEADER | |
|---|---|
| fixed length control field | 01317nam a2200301 a 4500 |
| 100 1# - MAIN ENTRY--AUTHOR NAME | |
| Personal name | Singh, U. K. |
| 245 10 - TITLE STATEMENT | |
| Title | Problems and solutions in mechanical engineering |
| 260 ## - PUBLICATION, DISTRIBUTION, ETC. (IMPRINT) | |
| Place of publication | New Delhi : |
| Name of publisher | New Age International (P) Ltd., Publishers, |
| Year of publication | c2007. |
| 300 ## - PHYSICAL DESCRIPTION | |
| Number of Pages | ix, 516 p. : |
| Other physical details | ill. |
| 505 0# - FORMATTED CONTENTS NOTE | |
| Formatted contents note | pt. A. Thermodynamics (40 marks) -- pt. B. Engineering mechanics (40 marks) -- pt. C. Strength of materials (20 marks). |
| 650 #0 - SUBJECT ADDED ENTRY--TOPICAL TERM | |
| Topical Term | Mechanical engineering |
| Topical Term | Thermodynamics |
| 700 1# - ADDED ENTRY--PERSONAL NAME | |
| Personal name | Dwivedi, Manisha. |
| 856 40 - ELECTRONIC LOCATION AND ACCESS | |
| Uniform Resource Identifier | http://site.ebrary.com/lib/rucke/Doc?id=10318684 |
No items available.
